| 000 | 00475nam a2200169Ia 4500 | ||
|---|---|---|---|
| 999 |
_c8939 _d8939 |
||
| 003 | OSt | ||
| 005 | 20201009124815.0 | ||
| 008 | 190216s9999||||xx |||||||||||||| ||und|| | ||
| 040 | _coclc | ||
| 082 |
_a005.369 _bMUR/M |
||
| 100 |
_aMuraleedharan, K _95546 |
||
| 245 | 0 |
_aMS Office 2000 / _cK Muraleedharan |
|
| 260 |
_bLipi Publications, _aKozhikode: _c2001. |
||
| 300 | _a112p | ||
| 650 | _aComputer | ||
| 942 |
_cBK _2ddc _h005.369 _iMUR/M _k005.369 _mMUR/M |
||